00397 a2200145 4500003000500000005001700005040000900022082001000031100002700041245010500068260002000173300001300193538002900206650001600235Nust20170207153552.0 cNust a005.1 aZafar, Maryam MSCS-14 aInteractive english to urdu machine translator uisng example based approachcMaryam Zafar, MSCS-14 bMCScMarch 2011 axi, 70 p aAlmirah No 69 Shelf No 6 aMSCS Thesis